000 00595nam a2200193Ia 4500
005 20250508152524.0
008 008 250505s9999 xx 000 0 eng d
037 _aTextual
040 _aFEDL
_beng
_cFEDL
041 _aeng
_2eng
084 _a370.7306, IND
_qFEDL
245 0 _aThird conference of training colleges in India : Offical report of proceedings
260 _aHyderabad, India
_bCollege of Education
_c1955
300 _a63p.
546 _aHyderabad-Dn., November, 1954
650 _aEducation
942 _cTEXL
_h370.7306, IND
999 _c1336979
_d1336979